00554nam a2200133Ia 4500008004100000100002200041245011600063245011400179260005900293260000900352650001800361650001500379856002600394170221s9999 xx 000 0 und d aYüksel, Şule. aCittaslow: Urban Concept in a Different Perspective and Analysing of Turkish Cittaslow Cities’ Documentaries  cŞule Yüksel, Özmen Haluk, Birsen Özgül, Birsen Şerife, Özgün Çıtak, Onur Oğur Karadeniz. bOnline Journal of Communication and Media Technologies c2012 xCommunication xMedia Arts uhttp://www.ojcmt.net/